00901 a2200265 4500003000500000005001700005010001700022020001800039035002200057040000900079082001000088245010400098260005100202300002700253650001300280650004800293650004900341650001500390700003000405700004100435700002500476942001200501999001900513952010300532Nust20170207165828.0 a 2003055722 a0-521-82578-4 a(DLC) 2003055722 cNust00a414.800aPhonetically-based phonology (E-BOOK)cedited by Robert Hayes, Robert Kirchner, and Donca Steriade. aCambridge :bCambridge University Press,c2004 a375 s. :bdiagr., tab. 7aFonologi 7aGrammar, Comparative and generalxPhonology 7aGrammar, Comparative and generalxPhonology. 7aPhonetics.1 aHayes, Bruce,d1955-4edt1 aKirchner, Robert Martin,d1961-4edt1 aSteriade, Donca4edt 2ddccBK c213171d213171 00102ddc40708NFICaMCSbMCSd2016-12-12l0o414.8 HAYpMCSEB-3203r2016-12-08w2016-12-12yBK